مكتبة جامعة عجلون الوطنية

فهرس بحث المكتبة

السلطة والحركة الاسلامية فى الجزائر (Record no. 19604)

MARC details
000 -LEADER
fixed length control field 00657nam a2200217Ii 4500
003 - CONTROL NUMBER IDENTIFIER
control field JO-AjNU
008 - FIXED-LENGTH DATA ELEMENTS--GENERAL INFORMATION
fixed length control field 230605s9999||||xx |||||||||||||| ||und||
017 ## - COPYRIGHT OR LEGAL DEPOSIT NUMBER
Copyright or legal deposit number 1993/11254
020 ## - INTERNATIONAL STANDARD BOOK NUMBER
International Standard Book Number 977-02-4319-7
040 ## - CATALOGING SOURCE
Original cataloging agency JO-AjNU
Language of cataloging ara
Description conventions rda
Transcribing agency JO-AjNU
041 ## - LANGUAGE CODE
Language code of text/sound track or separate title ara
050 14 - LIBRARY OF CONGRESS CALL NUMBER
Classification number JQ1828.A43.A2288.1993
100 3# - MAIN ENTRY--PERSONAL NAME
Personal name العباسى ، محمد ,
Relator term author
9 (RLIN) 38214
245 00 - TITLE STATEMENT
Title السلطة والحركة الاسلامية فى الجزائر
250 ## - EDITION STATEMENT
Edition statement (د،ط)
264 31 - PRODUCTION, PUBLICATION, DISTRIBUTION, MANUFACTURE, AND COPYRIGHT NOTICE
Place of production, publication, distribution, manufacture مصر : دار المعارف ، 1993
300 ## - PHYSICAL DESCRIPTION
Extent 288ص
336 ## - CONTENT TYPE
Content type term text
Content type code txt
Source rdacontent
337 ## - MEDIA TYPE
Media type term unmediated
Media type code n
Source rdamedia
338 ## - CARRIER TYPE
Carrier type term volume
Carrier type code nc
Source rdacarrier
Holdings
Withdrawn status Lost status Source of classification or shelving scheme Damaged status Not for loan Home library Current library Shelving location Date acquired Total Checkouts Full call number Barcode Date last seen Price effective from Koha item type
    Library of Congress Classification     مكتبة جامعة عجلون الوطنية مكتبة جامعة عجلون الوطنية المجموعات العامة 06/06/2023   JQ1828.A43.A2288.1993 A16036 06/06/2023 06/06/2023 Books